00838nam a2200181 a 450000100100000000500170001000800410002704000250006824501020009326000870019530000170028249000400029950501450033950000730048470000250055770000340058283000400061600004114420201002034644.0130625s1986 sp 000 0 spa d aDO-SdBNPbspacBNPHU13aEl codice de profetas de El Cairo /cCarmen Muñoz Abad...[et.al] ; edición F. Pérez Castro. aMadrid :bConsejo Superior de Investigaciones Científicas Pérez Castro,c1986. av. ;c29 cm.1 aTextos y estudios Cardenal Cisneros0 av. 1tJosue,Juecesgv. 2tSamuelgv. 3tReyesgv.4tEzequielgv. 5tIsaiasgv. 7tProfetas menoresgv. 8tÍndice alfabetico de sus mesoras aIncluye referencias bibliográficas y notas al pie de las páginas1 aMuñoz Abad, Carmen1 aPérez Castro, Federicoeed. 0aTextos y estudios Cardenal Cisneros